ARTIFICIAL INTELLIGENCE: PRINCIPLES AND APPLICATIONS. (Record no. 216936)

MARC details
000 -LEADER
fixed length control field 00559nam a22001937a 4500
008 - FIXED-LENGTH DATA ELEMENTS--GENERAL INFORMATION
fixed length control field 260414b |||||||| |||| 00| 0 eng d
020 ## - INTERNATIONAL STANDARD BOOK NUMBER
International Standard Book Number 978-93-89347-83-8
050 ## - LIBRARY OF CONGRESS CALL NUMBER
Classification number Q 335 .C493 2025
100 ## - MAIN ENTRY--PERSONAL NAME
Personal name CHANDRA S.S., VINOD
245 ## - TITLE STATEMENT
Title ARTIFICIAL INTELLIGENCE: PRINCIPLES AND APPLICATIONS.
250 ## - EDITION STATEMENT
Edition statement 2ND
260 ## - PUBLICATION, DISTRIBUTION, ETC.
Place of publication, distribution, etc. DELHI,
Name of publisher, distributor, etc. PHI LEARNING PRIVATE LIMITED,
Date of publication, distribution, etc. 2025
300 ## - PHYSICAL DESCRIPTION
Extent XVII, 410 P, ILL
500 ## - GENERAL NOTE
General note INCLUDES INDEX.
650 ## - SUBJECT ADDED ENTRY
Topical term or geographic name entry element ARTIFICIAL INTELLIGENCE.
700 ## - ADDED ENTRY--PERSONAL NAME
Personal name HAREENDRAN, ANAND.
942 ## - ADDED ENTRY ELEMENTS (KOHA)
Source of classification or shelving scheme Library of Congress Classification
Koha item type Long Loan Book
Holdings
Withdrawn status Lost status Source of classification or shelving scheme Damaged status Not for loan Collection Home library Current library Shelving location Date acquired Inventory number Total checkouts Full call number Barcode Date last seen Copy number Price effective from Koha item type
    Library of Congress Classification     Science & Technology Kisii University Library Kisii University Library On Display 04/14/2026 112754   Q 335 .C493 2025 a001246 04/14/2026 1 04/14/2026 Long Loan Book
    Library of Congress Classification     Science & Technology Kisii University Library Kisii University Library On Display 04/14/2026 112755   Q 335 .C493 2025 a001243 04/14/2026 2 04/14/2026 Long Loan Book
    Library of Congress Classification     Science & Technology Kisii University Library Kisii University Library On Display 04/14/2026 112756   Q 335 .493 2025 a000997 04/14/2026 3 04/14/2026 Long Loan Book
    Library of Congress Classification     Science & Technology Kisii University Library Kisii University Library On Display 04/14/2026 112757   Q 335 .C493 2025 a001001 04/14/2026 4 04/14/2026 Long Loan Book